Trắc nghiệm khách quan và tuyển sinh Đại học
Tài liệu giới thiệu, hướng dẫn và gợi mở phương pháp tuyển sinh đại học bằng trắc nghiệm - một phương pháp tuyển sinh: tiện lợi nhanh chóng, giảm nhẹ công tác chấm bài.
Gorde:
| Egile nagusia: | |
|---|---|
| Formatua: | Liburua |
| Hizkuntza: | Undetermined |
| Argitaratua: |
Hà Nội
1997
|
| Gaiak: | |
| Etiketak: |
Etiketa erantsi
Etiketarik gabe, Izan zaitez lehena erregistro honi etiketa jartzen!
|
| Thư viện lưu trữ: | Trung tâm Học liệu Trường Đại học Cần Thơ |
|---|
| LEADER | 00794nam a2200181Ia 4500 | ||
|---|---|---|---|
| 001 | CTU_27103 | ||
| 008 | 210402s9999 xx 000 0 und d | ||
| 082 | |a 378 | ||
| 082 | |b A105 | ||
| 100 | |a Quang An | ||
| 245 | 0 | |a Trắc nghiệm khách quan và tuyển sinh Đại học | |
| 245 | 0 | |c Quang An | |
| 260 | |a Hà Nội | ||
| 260 | |c 1997 | ||
| 520 | |a Tài liệu giới thiệu, hướng dẫn và gợi mở phương pháp tuyển sinh đại học bằng trắc nghiệm - một phương pháp tuyển sinh: tiện lợi nhanh chóng, giảm nhẹ công tác chấm bài. | ||
| 650 | |a universities and colleges - vietnam | ||
| 904 | |i Nguyễn Quang Điền, 981109 | ||
| 980 | |a Trung tâm Học liệu Trường Đại học Cần Thơ | ||